000 00761nam a2200229 i 4500
001 27570
003 ES-MaACL
005 20240318120256.0
007 t|
008 030115s1943 sp f |||| |bspa d
080 _a929 Napoleón (44) III, Emperador de Francia
100 0 _aAubry, Octave.
_d1881-1946
_923828
245 1 0 _aNapoleón III /
_cOctave Aubry ; traducción de Miguel Toledano.
250 _a2ª ed.
260 _aBarcelona :
_bJuventud,
_c1943 (
_fTall. Gráf. de la Sociedad General de Publicaciones)
300 _a253 p., 31 lám. ;
_c22 cm.
490 1 _aGrandes biografías
600 0 4 _aNapoleón
_bIII
_cEmperador de Francia.
_984912
830 0 _aGrandes biografías
_9181124
852 _aES-MaACL
_jA-1500
999 _c27570
_d27570